Profetismo y profetas : (Record no. 127660)

MARC details
000 -LEADER
campo de control de longitud fija 00713nam a2200217 i 4500
001 - NÚMERO DE CONTROL
campo de control 127660
003 - IDENTIFICADOR DE NÚMERO DE CONTROL
campo de control ES-MaACL
005 - FECHA Y HORA DE LA ÚLTIMA TRANSACCIÓN
campo de control 20230906193046.0
007 - CAMPO FIJO DE DESCRIPCIÓN FÍSICA--INFORMACIÓN GENERAL
campo de control de longitud fija t|
008 - DATOS DE LONGITUD FIJA--INFORMACIÓN GENERAL
campo de control de longitud fija 191211s1971 sp r ||||1| spa d
100 1# - ENTRADA PRINCIPAL--NOMBRE DE PERSONA
Nombre de persona Monloubou, Louis (
Fechas asociadas al nombre 1924-2012)
9 (RLIN) 82233
245 10 - MENCIÓN DEL TÍTULO
Título Profetismo y profetas :
Resto del título Profeta, ¿quien eres tu? /
Mención de responsabilidad, etc. Louis Monloubou ; [traducción por Luis Gago Fernández].
260 ## - PUBLICACIÓN, DISTRIBUCIÓN, ETC.
Lugar de publicación, distribución, etc. Madrid :
Nombre del editor, distribuidor, etc. Fax,
Fecha de publicación, distribución, etc. [1971]
300 ## - DESCRIPCIÓN FÍSICA
Extensión 253 p. ;
Dimensiones 22 cm.
490 1# - MENCIÓN DE SERIE
Mención de serie Colección Actualidad Bíblica ;
Designación de volumen o secuencia 26
650 #4 - PUNTO DE ACCESO ADICIONAL DE MATERIA--TÉRMINO DE MATERIA
Término de materia o nombre geográfico como elemento de entrada Profetas.
9 (RLIN) 169060
700 0# - ENTRADA AGREGADA--NOMBRE PERSONAL
Nombre de persona Gago Fernández, Luis.
9 (RLIN) 53237
830 0# - PUNTO DE ACCESO ADICIONAL DE SERIE-TÍTULO UNIFORME
Título uniforme Colección Actualidad Bíblica ;
Designación de volumen o secuencia 26
9 (RLIN) 219212
852 ## - LOCALIZACIÓN
Ubicación ES-MaACL
Número de control de estantería P-1131-2
Holdings
Estatus retirado Estado de pérdida Estado de daño No para préstamo Biblioteca de origen Biblioteca actual Ubicación en estantería Fecha de adquisición Fuente de adquisición Total de préstamos Signatura topográfica completa Código de barras Visto por última vez Precio de reemplazo Tipo de ítem Koha
        Biblioteca del Ateneo de Madrid Biblioteca del Ateneo de Madrid Depósito 2 11/12/2019     P-1131-2 1201374 23/02/2023 23/02/2023 Libro impreso